| 000 | 02860nam a22003017a 4500 | ||
|---|---|---|---|
| 999 |
_c21879 _d21879 |
||
| 003 | AR-CdUCM | ||
| 008 | 190425b ||||| |||| 00| 0 spa d | ||
| 040 |
_aMUNICIPALIDAD PROVINCIAL DEL CUSCO _cBIBLIOTECA MUNICIPAL DEL CUSCO |
||
| 082 | _aRev.AHC/N°8/1957 | ||
| 110 |
_aArchivo Regional del Cusco _946600 |
||
| 245 |
_aRevista del Archivo Histórico del Cuzco / _cUniversidad Nacional del Cuzco |
||
| 260 |
_aCusco : _bH.G. rozas, _c1957. |
||
| 300 |
_a434 páginas. : _c21 cm. |
||
| 440 |
_aRevista del Archivo Histórico. _nAño VIII, 1957, N°8. _946619 |
||
| 505 | _aContenido: Palmas magisteriales del Perú. -- Estímulo a la investigación y estudio a la historia peruana. -- Monumento a Bolognesi en Cusco. -- Pumacahua en Arequipa 38 documentos. -- Fundación española del Cusco extracto de un libro de su ayuntamiento. -- Sobre el tratado de Paucarpata 2 documentos. -- Tesoros de la Catedral del Cusco inventarios de 1866. -- El separatismo de Tupac Amaru un análisis de la insurrección de 1870. Cesar García Rosell. -- Dos escrituras de Tupac Amaru año 1779. -- Familias del Cuzco, filiación y genealogía de los Berrios, Silvas y Xaras. -- Altar de pata de la Catedral del Cusco. -- Cofradía del Señor de los Temblores. -- Papeles de censos e imposiciones. -- Por llevar el parasol de Pumacahua. Eduardo L. Ugarte. -- Tierras de Amaru Cancha. -- Colegio de Educandas de Cusco, decreto de fundación y otros documentos referentes. -- Colegio para los hijos de Caciques. -- Colegio de San Francisco de Borja. -- Rentas del colegio de Educandas año 1832. -- Tierras de fortaleza. -- Derechos de funerales. -- Verdugo año 1822. -- Hospicio de pobres e inválidos. -- Botica en 1844. -- La lucha por la independencia del Perú, la rebelión de 1742 Juan Santos Atahuallpa. José A. Vallejo Fonseca. -- Hospital del Cuzco 18 cartas y el reglamento. -- Inventario de la Iglesia y Hospital de San Andrés del Cuzco. -- Inventario de la iglesia y convento de la Almudena del Cuzco. -- Fundadores y benefactores de la Compañía del Cuzco. -- Restablecimiento de la Compañía de Jesús en los reinos del Perú. -- Arte Cuzqueño V. Jorge Cornejo Bouroncle. -- Biblioteca del Deán Esquivel y Navía. -- De los últimos días virreinales. -- Se reincorpora la Intendencia de Puno al Virreinato del Perú. -- De los primeros años de la republica. -- Reparto de tierra en 1595. | ||
| 650 |
_aDocumentos históricos _91122 |
||
| 650 |
_aPatrimonio documental _944090 |
||
| 650 |
_aHistoria del Cusco _91714 |
||
| 650 |
_aLevantamientos andinos _944095 |
||
| 650 |
_aArte cusqueño _913165 |
||
| 650 |
_aHospitales del Cusco _946620 |
||
| 650 |
_aTupac Amaru _9623 |
||
| 700 |
_aCornejo Bouroncle, Jorge _915278 |
||
| 700 |
_aGarcía Rosell, Cesar _925779 |
||
| 700 |
_aVallejo Fonseca, José _946621 |
||
| 942 |
_2ddc _cPP |
||
| 945 | _arac | ||